00343nam a2200121Ia 4500008004100000082002000041100002300061245003000084260002900114300000800143630001800151650005200169211109s9999||||xx |||||||||||||| ||und|| a894.8121bCHE-K aCherian K, Cherian 0aKusanum Lavanum Kchelanum bDC BooksaKottayamc1984 a84p xGeneral Stack aMalayalam LiteraturevMalayalam PoetryMalayalam